Production frontiers

Saved in:
Bibliografiske detaljer
Main Authors: Färe, Rolf (Author), Grosskopf, Shawna (Author), Lovell, C. A. Knox (Author)
Format: Bog
Sprog:engelsk
Udgivet: Nueva York Cambridge University 1994
Fag:
Tags: Tilføj Tag
Ingen Tags, Vær først til at tagge denne postø!

MARC

LEADER 00000nam a2200000 a 4500
001 UCO9231
003 CL-VaPUC
008 010125e19940000US |||||||||||||||||eng|d
082 0 4 |a 338.5  |b FAR  |2 21 
100 0 |a Färe, Rolf  |e author  |9 454258 
700 0 |a Grosskopf, Shawna  |e author  |9 454259 
700 |a Lovell, C. A. Knox  |e author  |9 454260 
245 1 0 |a Production frontiers 
300 |a 296 p 
942 |c BK 
945 |d 20010125 00:00:00  |a vberengu 
260 |a Nueva York  |b Cambridge University  |c 1994 
650 0 |a Eficiencia industrial  |9 263789 
650 7 |a PRODUCCION TEORIA ECONOMICA  |2 CL-VaPUC  |9 317786 
650 0 |a Productividad industrial  |9 263788 
583 |a last modification  |c 20010125 00:00:00  |k Rodrigo Vera 
999 |c 293503  |d 293501 
952 |0 0  |1 0  |2 ddc  |4 0  |6 338_500000000000000_FAR_1994  |7 0  |8 A  |9 345071  |a BIBALI  |b BIBALI  |c GEN  |d 2019-11-20  |i 3688178  |o 338.5 FAR 1994  |p 3688178  |r 2025-01-20  |w 2019-11-20  |y BK  |k ALI